| 000 | 00659nam a2200229Ia 4500 | ||
|---|---|---|---|
| 003 | OSt | ||
| 005 | 20230420112331.0 | ||
| 008 | 210423s2005 xx 000 0 und d | ||
| 020 | _a8122901921 | ||
| 040 | _cAL | ||
| 041 | _aeng | ||
| 082 | _a070.1 HERD | ||
| 100 |
_aHERRICK (Dennis F) _990948 |
||
| 245 | _aMedia management in the age of giants: business dynamics of journalism | ||
| 260 |
_aNew Delhi _bSurjeeth Publications _c2005 |
||
| 300 |
_axx,397 _bPB |
||
| 365 |
_b295 _cINR |
||
| 650 |
_aGeneral _990949 |
||
| 650 |
_aMass Media _990950 |
||
| 906 | _aage ; business ; dynamics ; giants: ; journalism ; management ; Media | ||
| 942 |
_2ddc _cBK |
||
| 999 |
_c155495 _d155495 |
||